000 00675nam a2200157 a 4500
008 120416s1967 ||||||||||||||||| || u
050 _aSB 951.C65 Tho
100 _aThomson, J
245 1 0 _aPesticide residues
246 _ahistory alternatives and analysis
260 _aLondon
_bThe Royal Institute of Chemistry
_c1967
300 _a33p. : ill.
350 _a0.00
995 _aBINDERY (DAMAGED)
_D0.00
_e718589
_FCBU-MAIN LIBRARY (Kitwe)
_H2
_I0.45
_jSB 951.C65 Tho
_M2
_UDAMAGED
_y013377
_ZMain Library Open Access Collection
995 _aBINDERY (DAMAGED)
_D0.00
_e718588
_FCBU-MAIN LIBRARY (Kitwe)
_H1
_I0.45
_jSB 951.C65 Tho
_M1
_UDAMAGED
_y013378
_ZMain Library Open Access Collection
999 _c81854
_d81854